000 002980000a22000970004500
100 1 _aMotyer, Stephen
245 1 0 _aResponse to James Danaher, postomodern hermenutics and the reconstruction of the christian mind
300 _aVol. 19, Núm 3 (2001), Páginas 76-79
773 0 _tEvangel
942 _cANA
999 _c54409
_d54409